| 000 | 00635 a2200181 4500 | ||
|---|---|---|---|
| 005 | 20240830120633.0 | ||
| 008 | 121006t xxu||||| |||| 00| 0 eng d | ||
| 020 | _a9780511760921 | ||
| 100 | _aBlahut, Richard E | ||
| 245 | _aFast algorithms for signal processing | ||
| 260 |
_bCambridge University Press _c2011 _aCambridge |
||
| 653 | _aEngineering | ||
| 653 | _aCommunications and signal processing | ||
| 653 | _aDiscrete mathematics | ||
| 653 | _aInformation theory and coding theory | ||
| 856 | _uhttps://www.cambridge.org/core/books/fast-algorithms-for-signal-processing/E35F46175F3558980873443CA8A6A4FD | ||
| 942 | _cEB | ||
| 999 |
_c75217 _d75216 |
||